000 00442nam a2200181Ia 4500
001 24514
003 IN-NITTTR
005 20251114233313.0
008 251113s9999||||xx |||||||||||||| ||eng||
040 _beng
040 _cIN-NITTTR
041 _aeng
082 _a658.312404 R855T R
100 _aBuckley, Roger
245 0 _aTheory and practice of training. /
_cBuckley, Roger, Caple, Jim
700 _a Caple, Jim
942 _2ddc
_cBK
999 _c27143
_d27143